000
00337nam a2200133Ia 4500
008
240624s9999 xx 000 0 und d
041
_a
eng
082
_a
519.535 IZE
100
_a
IZENMAN ALAN J
245
_a
MODERN MULTIVARIATE STATISTICAL TECHNIQU
260
_c
2008
_a
Learning
_b
Springer
300
_a
xxv, 733 p.
365
_c
ERU
_b
30
999
_c
30914
_d
30914